000 00294pab a2200145 454500
008 180718b2013 xxu||||| |||| 00| 0 eng d
245 _aThe problem
260 _c2013
300 _ap.12-15.
362 _aJul
650 _aConsumers
773 _aSeminar
908 _aN
909 _a101110
999 _c101109
_d101109